|
|
|
|
| LEADER |
01095nam a2200277 u 4500 |
| 001 |
10032020 |
| 003 |
upatras |
| 005 |
20210117210131.0 |
| 008 |
000131s1978 ge eng |
| 020 |
|
|
|a 3540780076
|
| 040 |
|
|
|a GR-PaULI
|c GR-PaULI
|
| 041 |
0 |
|
|a eng
|
| 082 |
0 |
4 |
|a 621.381 548
|
| 100 |
1 |
|
|a Stockl, M.
|9 155105
|
| 245 |
1 |
0 |
|a Electro technical measurement
|c M. Stockl, K. H. Winterling; translated by P. Sankaran, A. Chandrasekaran
|
| 260 |
|
|
|a Berlin
|b Springer-Verlag
|c 1978
|
| 300 |
|
|
|a xv, 370 p.
|b fig.
|c 23 cm.
|
| 504 |
|
|
|a Includes index
|
| 650 |
|
4 |
|a Ηλεκτρονικά όργανα
|x Τεχνικές μετρήσεως
|9 1761
|
| 700 |
1 |
|
|a Sankaran, P.
|4 trl
|9 155106
|
| 700 |
1 |
|
|a Chandrasekaran, A.
|4 trl
|9 155107
|
| 852 |
|
|
|a GR-PaULI
|b ΠΑΤΡΑ
|b ΒΚΠ
|b ΒΣ1
|k ΑΣΧΞ
|h 621.381 548 S
|m 04128
|p 025000006156
|t 1
|
| 942 |
|
|
|2 ddc
|c BK15
|
| 952 |
|
|
|0 0
|1 0
|4 0
|6 621_381000000000000_548_S
|7 0
|9 202849
|a LISP
|b LISP
|c BSC
|d 2016-04-24
|i 04128
|l 0
|o 621.381 548 S
|p 025000006156
|r 2016-04-24 00:00:00
|t 1
|w 2016-04-24
|y BK15
|
| 998 |
|
|
|c ΔΡΑΚΟΠΟΥΛΟΥ
|d 2000-01
|
| 999 |
|
|
|c 123862
|d 123862
|